|
|
|
|
| LEADER |
00000nam2a2200000 4500 |
| 001 |
171747 |
| 005 |
20231031164047.0 |
| 035 |
|
|
|a (RuTPU)RU\TPU\book\186213
|
| 090 |
|
|
|a 171747
|
| 100 |
|
|
|a 20091208d1959 k y0rusy50 ca
|
| 101 |
0 |
|
|a rus
|
| 102 |
|
|
|a RU
|
| 105 |
|
|
|a a z 001zy
|
| 200 |
0 |
|
|a Т. 8: Геология атомного сырья
|
| 210 |
|
|
|d 1959
|
| 215 |
|
|
|a 520 с.
|c ил.
|
| 320 |
|
|
|a Библиогр. в конце ст.
|
| 461 |
|
1 |
|0 (RuTPU)RU\TPU\book\200222
|t Международная конференция по мирному использованию атомной энергии
|o избранные доклады иностранных ученых, 2-я, Женева, 1958 г.
|f под ред. А. П. Виноградова
|v Т. 8: Геология атомного сырья
|d 1958-
|
| 610 |
1 |
|
|a атомное сырье
|
| 610 |
1 |
|
|a геология
|
| 610 |
1 |
|
|a мирное использование
|
| 610 |
1 |
|
|a уран
|
| 610 |
1 |
|
|a геохимия
|
| 610 |
1 |
|
|a месторождения
|
| 610 |
1 |
|
|a поиск
|
| 610 |
1 |
|
|a разведка
|
| 801 |
|
1 |
|a RU
|b 63413507
|c 20091208
|
| 801 |
|
2 |
|a RU
|b 63413507
|c 20100916
|g RCR
|
| 942 |
|
|
|c BK
|